[Event "CRO-chT2 Center 25th"]
[Site "Croatia"]
[Date "2016.11.06"]
[Round "11.31"]
[White "Zecevic, Dean"]
[Black "Matko, Ognjen"]
[Result "0-1"]
[WhiteElo "2278"]
[BlackElo "2267"]
[PlyCount "123"]
[EventDate "2016.03.13"]
[EventType "team-tourn"]
[EventRounds "11"]
[EventCountry "CRO"]
[SourceTitle "EXT 2019"]
[Source "ChessBase"]
[SourceDate "2018.10.10"]
[SourceVersion "1"]
[SourceVersionDate "2018.10.10"]
[SourceQuality "1"]

1. e4 c5 2. Nf3 d6 3. d4 cxd4 4. Nxd4 Nf6 5. Nc3 a6 6. Be2 e5 7. Nb3 Be7 8. Be3 Be6 9. Nd5 Nxd5 10. exd5 Bf5 11. Bd3 Bg6 12. h4 Nd7 13. h5 Bxd3 14. Qxd3 Rc8 15. 0-0-0 0-0 16. g4 Bg5 17. Kb1 Re8 18. Nd2 Bxe3 19. Qxe3 Qc7 20. c3 Nc5 21. g5 Qd7 22. Ne4 Nxe4 23. Qxe4 b5 24. g6 fxg6 25. hxg6 h6 26. Qe3 Rf8 27. Ka1 a5 28. Qb6 Qc7 29. Qxb5 Rxf2 30. Rhf1 Rb8 31. Qxb8+ Qxb8 32. Rxf2 Qe8 33. c4 Qxg6 34. c5 Qg4 35. Rff1 dxc5 36. d6 Qd7 37. Rf5 e4 38. Re5 Qg4 39. Red5 Qd7 40. Rxc5 e3 41. Rc2 Qg4 42. Rcc1 e2 43. Re1 Qd4 44. Rxe2 Qxd6 45. a3 h5 46. Rg2 Kh7 47. Rcg1 g6 48. Rg5 a4 49. Rb5 Kh6 50. Rb4 Qc6 51. Kb1 g5 52. Rc1 Qg6+ 53. Ka1 h4 54. Rxa4 Kh5 55. Ra8 Qf6 56. a4 h3 57. a5 g4 58. a6 g3 59. a7 g2 60. Rc5+ Kh6 61. Rc1 h2 62. Rg8 0-1

[Event "CRO-chT2 Center 25th"]
[Site "Croatia"]
[Date "2016.09.25"]
[Round "8.31"]
[White "Muha, Miljenko"]
[Black "Zecevic, Dean"]
[Result "1-0"]
[WhiteElo "2276"]
[BlackElo "2278"]
[PlyCount "54"]
[EventDate "2016.03.13"]
[EventType "team-tourn"]
[EventRounds "11"]
[EventCountry "CRO"]
[SourceTitle "EXT 2019"]
[Source "ChessBase"]
[SourceDate "2018.10.10"]
[SourceVersion "1"]
[SourceVersionDate "2018.10.10"]
[SourceQuality "1"]

1. d4 d5 2. c4 c6 3. Nf3 Nf6 4. Nc3 dxc4 5. a4 c5 6. e3 e6 7. Bxc4 Nc6 8. 0-0 a6 9. Qe2 cxd4 10. Rd1 Be7 11. exd4 0-0 12. Bg5 Nd5 13. Bxd5 Bxg5 14. Bxc6 bxc6 15. Nxg5 Qxg5 16. Ne4 Qd5 17. Ra3 a5 18. Rc3 Ba6 19. Qc2 Rab8 20. Rc5 Qd8 21. Rxc6 Bb7 22. Rc5 Bd5 23. Rb5 Rc8 24. Nc3 Qh4 25. Qd2 Bc6 26. Rxa5 h6 27. f3 Rfd8 1-0

[Event "CRO-chT2 Center 25th"]
[Site "Croatia"]
[Date "2016.04.17"]
[Round "5.61"]
[White "Zecevic, Dean"]
[Black "Slogar, Dubravko"]
[Result "1/2-1/2"]
[WhiteElo "2278"]
[BlackElo "2317"]
[PlyCount "132"]
[EventDate "2016.03.13"]
[EventType "team-tourn"]
[EventRounds "11"]
[EventCountry "CRO"]
[SourceTitle "EXT 2019"]
[Source "ChessBase"]
[SourceDate "2018.10.10"]
[SourceVersion "1"]
[SourceVersionDate "2018.10.10"]
[SourceQuality "1"]

1. e4 g6 2. d4 Bg7 3. Nc3 d6 4. f4 Nf6 5. Nf3 0-0 6. Bd3 Nc6 7. e5 dxe5 8. fxe5 Nh5 9. Ne2 f6 10. exf6 exf6 11. c3 Qd6 12. 0-0 Nd8 13. Be3 Nf7 14. Qd2 Be6 15. Rad1 c6 16. Qc2 Rfe8 17. Bc1 f5 18. c4 Rad8 19. Kh1 c5 20. Ng5 cxd4 21. c5 Qc6 22. Nxe6 Rxe6 23. Bc4 Qxc5 24. Qb3 Re7 25. g4 Nf6 26. gxf5 b5 27. Qxb5 Qxb5 28. Bxb5 Re5 29. Bd3 gxf5 30. Rxf5 Ng4 31. Kg2 Nd6 32. Rxe5 Bxe5 33. h3 Ne3+ 34. Bxe3 dxe3 35. b4 Kg7 36. Kf3 Rb8 37. Rg1+ Kf6 38. Rg4 Nf5 39. Bxf5 Kxf5 40. Kxe3 Re8 41. Kd3 h5 42. Rc4 Rd8+ 43. Kc2 Rg8 44. Nd4+ Kf6 45. Rc6+ Kf7 46. Nf3 Rg2+ 47. Kd3 Bb8 48. a4 Rg3 49. Ke4 Ke7 50. Rc8 Bd6 51. b5 Kd7 52. Ra8 Bc5 53. Kd5 Bf2 54. Ne5+ Kc7 55. Rf8 Bg1 56. Rf7+ Kc8 57. Nc6 Rd3+ 58. Kc4 Rxh3 59. Nxa7+ Kd8 60. Nc6+ Ke8 61. Rg7 Rh4+ 62. Kd5 Rg4 63. Rh7 Rxa4 64. Rxh5 Ra2 65. Re5+ Kd7 66. Re7+ Kc8 1/2-1/2

[Event "CRO-chT2 Center"]
[Site "Croatia"]
[Date "2015.04.26"]
[Round "6.51"]
[White "Ivekovic, Zvonimir"]
[Black "Zecevic, Dean"]
[Result "1-0"]
[WhiteElo "2355"]
[BlackElo "2245"]
[PlyCount "93"]
[EventDate "2015.03.22"]
[EventType "team-tourn"]
[EventRounds "11"]
[EventCountry "CRO"]
[SourceTitle "EXT 2016"]
[Source "ChessBase"]
[SourceDate "2015.10.08"]
[SourceVersion "1"]
[SourceVersionDate "2015.10.08"]
[SourceQuality "1"]

1. e4 Nc6 2. Nf3 d6 3. d4 g6 4. Nc3 Bg7 5. Be3 Bg4 6. Bc4 Nf6 7. h3 Bxf3 8. Qxf3 0-0 9. 0-0-0 e5 10. d5 Nd4 11. Bxd4 exd4 12. Ne2 Qe8 13. Bd3 c5 14. dxc6 bxc6 15. Nxd4 d5 16. exd5 cxd5 17. Bb5 Qd8 18. Nb3 Qb6 19. Bd3 a5 20. a4 Rfc8 21. Kb1 Rab8 22. Bb5 Ne4 23. Rxd5 f5 24. Rhd1 Qf6 25. Nd4 h5 26. g4 Rd8 27. Qb3 Kh8 28. f3 Rxd5 29. Qxd5 Rd8 30. fxe4 Rxd5 31. exd5 fxg4 32. hxg4 Qf4 33. Ne2 Qxg4 34. d6 Bf6 35. d7 Qg5 36. Nc3 Bd8 37. Ne4 Qe7 38. Nd6 Bc7 39. Nb7 Qe3 40. d8Q+ Bxd8 41. Nxd8 h4 42. Rd7 h3 43. Nf7+ Kg7 44. Ne5+ Kg8 45. Bc4+ Kf8 46. Nxg6+ Ke8 47. Re7+ 1-0

[Event "CRO-chT2 Center"]
[Site "Croatia"]
[Date "2015.04.26"]
[Round "5.31"]
[White "Zecevic, Dean"]
[Black "Novak, Ivan2222"]
[Result "1-0"]
[WhiteElo "2245"]
[BlackElo "2181"]
[PlyCount "120"]
[EventDate "2015.03.22"]
[EventType "team-tourn"]
[EventRounds "11"]
[EventCountry "CRO"]
[SourceTitle "EXT 2016"]
[Source "ChessBase"]
[SourceDate "2015.10.08"]
[SourceVersion "1"]
[SourceVersionDate "2015.10.08"]
[SourceQuality "1"]

1. e4 e5 2. Nf3 Nc6 3. Bb5 a6 4. Ba4 Nf6 5. 0-0 b5 6. Bb3 Be7 7. d4 d6 8. c3 0-0 9. h3 Bb7 10. Nbd2 h6 11. Re1 Re8 12. Bc2 Bf8 13. d5 Ne7 14. b3 g6 15. c4 Nh5 16. Bd3 Nf4 17. Bf1 Qd7 18. a4 bxa4 19. c5 Bc8 20. Nc4 Qd8 21. cxd6 cxd6 22. Ba3 Nexd5 23. exd5 e4 24. Bb2 Nh5 25. Nh2 Qg5 26. Nb6 Rb8 27. Nxc8 Rbxc8 28. Rxa4 f5 29. Bc1 Qf6 30. Bxa6 Rc7 31. Be2 Ng7 32. Bxh6 g5 33. Bxg7 Bxg7 34. Bb5 Rf8 35. Bc6 Qg6 36. Ra8 Rxa8 37. Bxa8 Rc3 38. Bc6 Be5 39. Bd7 g4 40. Nxg4 fxg4 41. Bxg4 Rd3 42. Be6+ Kg7 43. Qg4 Qxg4 44. hxg4 Rxb3 45. g3 e3 46. f4 Bd4 47. Re2 Rb2 48. Kf1 Rb5 49. Kg2 Rb1 50. Bf5 Rd1 51. g5 Bc5 52. Be4 Rc1 53. f5 Bd4 54. Ra2 Rd1 55. Bf3 Rc1 56. Kh3 Rg1 57. Rc2 Be5 58. Bg2 Rd1 59. Kg4 Rd3 60. f6+ Kf8 1-0

[Event "Hum na Sutli op 8th"]
[Site "Hum na Sutli"]
[Date "2014.09.04"]
[Round "8"]
[White "Spalir, Jernej"]
[Black "Zecevic, Dean"]
[Result "1/2-1/2"]
[WhiteElo "2243"]
[BlackElo "2240"]
[PlyCount "222"]
[EventDate "2014.08.29"]
[EventType "swiss"]
[EventRounds "9"]
[EventCountry "CRO"]
[SourceTitle "CBM 162 Extra"]
[Source "ChessBase"]
[SourceDate "2014.10.17"]
[SourceVersion "1"]
[SourceVersionDate "2014.10.17"]
[SourceQuality "1"]

1. d4 Nf6 2. c4 c6 3. Nc3 d5 4. Nf3 dxc4 5. a4 e6 6. e3 c5 7. Bxc4 Na6 8. Ne5 Nc7 9. 0-0 a6 10. Qf3 cxd4 11. Rd1 Bd6 12. exd4 0-0 13. Bd3 Be7 14. Qh3 g6 15. Bh6 Re8 16. Bc2 Ncd5 17. Qf3 Bd7 18. Ne4 Bc6 19. Bg5 Rf8 20. Bh6 Re8 21. Ng5 Nb4 22. Qe2 Nxc2 23. Qxc2 Ng4 24. Ngxf7 Qd5 25. f3 Nxh6 26. Nxh6+ Kg7 27. Nhg4 Bg5 28. Nxg6 Qf5 29. Qxf5 exf5 30. d5 fxg4 31. dxc6 gxf3 32. cxb7 Rab8 33. Rd7+ Kxg6 34. Rad1 Bf4 35. Kf2 fxg2 36. Kxg2 Re3 37. R1d4 Be5 38. Rb4 h5 39. Rb6+ Kf5 40. Re7 Ke4 41. Rxa6 Rg8+ 42. Kf1 Rb3 43. Ra8 Rxb7 44. Rxb7 Rxa8 45. Rh7 Kf3 46. Rxh5 Bxb2 47. Rh3+ Ke4 48. Rh4+ Kf3 49. Rh3+ Kg4 50. Rb3 Be5 51. h3+ Kf4 52. Rb4+ Kf3 53. Rb3+ Ke4 54. Ra3 Bb2 55. Rb3 Bd4 56. Rb7 Rxa4 57. Re7+ Be5 58. h4 Kf5 59. Ke2 Rxh4 60. Kd3 Rd4+ 61. Ke3 Bf6 62. Rf7 Ra4 63. Kd3 Ke6 64. Rf8 Ra3+ 65. Ke4 Be7 66. Re8 Ra4+ 67. Kd3 Kd6 68. Rh8 Bf6 69. Rh5 Be5 70. Rh7 Kd5 71. Rd7+ Bd6 72. Rd8 Ra3+ 73. Ke2 Ke5 74. Re8+ Kf4 75. Rd8 Be5 76. Rd3 Ra2+ 77. Rd2 Ra8 78. Rd3 Rh8 79. Rf3+ Ke4 80. Re3+ Kd5 81. Rf3 Bd4 82. Kd3 Rc8 83. Rf5+ Be5 84. Rh5 Rc3+ 85. Kd2 Rg3 86. Rh4 Bd4 87. Rh7 Be5 88. Rh4 Bd4 89. Rh7 Kc4 90. Rc7+ Bc5 91. Ke2 Re3+ 92. Kf1 Kd5 93. Rc8 Bd4 94. Rd8+ Ke4 95. Re8+ Be5 96. Ra8 Kf3 97. Re8 Ke4 98. Ra8 Kf3 99. Re8 Ke4 100. Ra8 Rb3 101. Re8 Rb2 102. Ke1 Kf4 103. Kd1 Bd4 104. Re2 Rb3 105. Re8 Be5 106. Kc2 Rc3+ 107. Kd2 Ra3 108. Kc2 Ke4 109. Rd8 Rc3+ 110. Kd2 Rc7 111. Re8 Rh7 1/2-1/2

[Event "Topusko op 3rd"]
[Site "Topusko"]
[Date "2014.08.14"]
[Round "8"]
[White "Tica, Sven"]
[Black "Zecevic, Dean"]
[Result "0-1"]
[WhiteElo "2159"]
[BlackElo "2240"]
[PlyCount "82"]
[EventDate "2014.08.08"]
[EventType "swiss"]
[EventRounds "9"]
[EventCountry "CRO"]
[SourceTitle "CBM 162 Extra"]
[Source "ChessBase"]
[SourceDate "2014.10.17"]
[SourceVersion "1"]
[SourceVersionDate "2014.10.17"]
[SourceQuality "1"]

1. Nf3 Nf6 2. c4 c6 3. Nc3 d5 4. e3 a6 5. b3 Bg4 6. Be2 e6 7. 0-0 Nbd7 8. d4 Bd6 9. Bb2 0-0 10. Qc2 b5 11. e4 b4 12. e5 Bf5 13. Qc1 bxc3 14. Bxc3 Be7 15. exf6 Bxf6 16. Ne5 Nxe5 17. dxe5 Be7 18. Rd1 Qb8 19. Qe3 a5 20. Bd3 Bxd3 21. Qxd3 Rd8 22. Qe2 Qb6 23. Rd4 a4 24. cxd5 Rxd5 25. Rxa4 Rxa4 26. bxa4 Qc5 27. Rc1 Qa3 28. Qb2 Qxa4 29. g3 g6 30. Re1 h5 31. Qb3 Qg4 32. Qb7 Bc5 33. Qb3 h4 34. Ba5 Qf5 35. Re2 Rd3 36. Qc4 hxg3 37. hxg3 Rxg3+ 38. Kf1 Rh3 39. Ke1 Qb1+ 40. Kd2 Ba3 41. Qc2 Bb4+ 0-1

[Event "Topusko op 3rd"]
[Site "Topusko"]
[Date "2014.08.13"]
[Round "7"]
[White "Mirkovic, Stevan"]
[Black "Zecevic, Dean"]
[Result "0-1"]
[WhiteElo "2298"]
[BlackElo "2240"]
[PlyCount "88"]
[EventDate "2014.08.08"]
[EventType "swiss"]
[EventRounds "9"]
[EventCountry "CRO"]
[SourceTitle "CBM 162 Extra"]
[Source "ChessBase"]
[SourceDate "2014.10.17"]
[SourceVersion "1"]
[SourceVersionDate "2014.10.17"]
[SourceQuality "1"]

1. Nf3 c5 2. c4 Nc6 3. d4 cxd4 4. Nxd4 g6 5. e4 Bg7 6. Be3 Nf6 7. Nc3 0-0 8. Be2 d6 9. 0-0 Nxd4 10. Bxd4 Be6 11. Rc1 Rc8 12. b3 Qa5 13. Kh1 a6 14. f4 b5 15. f5 Bd7 16. Bxf6 Bxf6 17. Nd5 Bg5 18. f6 exf6 19. h4 Bxh4 20. Ne7+ Kg7 21. Nxc8 Bxc8 22. cxb5 axb5 23. Qxd6 Qxa2 24. e5 f5 25. Bxb5 Qxb3 26. Bc4 Qe3 27. Qd3 Qxe5 28. Qc3 Qxc3 29. Rxc3 Bb7 30. Rd1 Re8 31. Rc2 Be4 32. Ra2 Re7 33. Rad2 Rc7 34. Ba2 Ra7 35. Bc4 Ra4 36. Bb3 Ra3 37. Bc4 Rc3 38. Bd5 Bg5 39. Re2 Rh3+ 40. Kg1 Be3+ 41. Rxe3 Rxe3 42. Kf2 Rd3 43. Rxd3 Bxd3 44. Ke3 Be4 0-1

[Event "Zagreb op"]
[Site "Zagreb"]
[Date "2014.03.21"]
[Round "5"]
[White "Zecevic, Dean"]
[Black "Sale, Srdjan"]
[Result "1/2-1/2"]
[WhiteElo "2235"]
[BlackElo "2416"]
[PlyCount "78"]
[EventDate "2014.03.17"]
[EventType "swiss"]
[EventRounds "9"]
[EventCountry "CRO"]
[SourceTitle "CBM 159 Extra"]
[Source "ChessBase"]
[SourceDate "2014.04.24"]
[SourceVersion "1"]
[SourceVersionDate "2014.04.24"]
[SourceQuality "1"]

1. e4 Nf6 2. e5 Nd5 3. d4 d6 4. Nf3 dxe5 5. Nxe5 c6 6. Qf3 Be6 7. Bc4 Nd7 8. Nd3 g6 9. 0-0 Bg7 10. c3 0-0 11. Bb3 a5 12. Nd2 a4 13. Bc2 a3 14. Re1 Bf5 15. Nc4 axb2 16. Bxb2 N7b6 17. Nxb6 Nxb6 18. Bb3 Bxd3 19. Qxd3 e5 20. a4 exd4 21. cxd4 Nd5 22. Qf3 Qd7 23. h4 h5 24. Rac1 Rfe8 25. g3 Rxe1+ 26. Rxe1 Rd8 27. Ba3 Re8 28. Rxe8+ Qxe8 29. Bxd5 cxd5 30. Qxd5 Qxa4 31. Qd8+ Kh7 32. Bc5 Qc6 33. Ba7 Bf6 34. Qa5 b5 35. Bc5 Qd5 36. Qb6 Bg7 37. Kh2 Qc4 38. Kg2 Qd5+ 39. Kh2 Qc4 1/2-1/2

[Event "Zagreb City-ch"]
[Site "Zagreb"]
[Date "2013.11.13"]
[Round "8"]
[White "Sribar, Peter"]
[Black "Zecevic, Dean"]
[Result "1-0"]
[WhiteElo "2068"]
[BlackElo "2281"]
[PlyCount "59"]
[EventDate "2013.11.04"]
[EventType "swiss"]
[EventRounds "9"]
[EventCountry "CRO"]
[SourceTitle "EXT 2015"]
[Source "ChessBase"]
[SourceDate "2014.11.20"]
[SourceVersion "1"]
[SourceVersionDate "2014.11.20"]
[SourceQuality "1"]

1. Nf3 d5 2. c4 c6 3. e3 Nf6 4. Nc3 e6 5. Qc2 Nbd7 6. b3 a6 7. d4 Bd6 8. Bb2 0-0 9. Be2 b5 10. a3 bxc4 11. bxc4 dxc4 12. Bxc4 c5 13. dxc5 Nxc5 14. e4 Qc7 15. 0-0 Bb7 16. Rfe1 Be7 17. Rac1 Rac8 18. h3 Qf4 19. Nd2 Rfd8 20. Re3 Nfd7 21. Ne2 Qb8 22. Rg3 Bf6 23. Bxf6 Nxf6 24. Qc3 Ncd7 25. Qe3 Ne5 26. Nf4 Rxd2 27. Nxe6 fxe6 28. Bxe6+ Kh8 29. Bxc8 Nxe4 30. Bxb7 1-0

[Event "Zagreb City-ch"]
[Site "Zagreb"]
[Date "2013.11.08"]
[Round "4"]
[White "Bozinovic, Bogdan"]
[Black "Zecevic, Dean"]
[Result "1/2-1/2"]
[WhiteElo "2254"]
[BlackElo "2281"]
[PlyCount "101"]
[EventDate "2013.11.04"]
[EventType "swiss"]
[EventRounds "9"]
[EventCountry "CRO"]
[SourceTitle "EXT 2015"]
[Source "ChessBase"]
[SourceDate "2014.11.20"]
[SourceVersion "1"]
[SourceVersionDate "2014.11.20"]
[SourceQuality "1"]

1. d4 Nf6 2. c4 c6 3. Nc3 d5 4. Nf3 dxc4 5. a4 Bf5 6. Ne5 Nbd7 7. Nxc4 Qc7 8. g3 e5 9. dxe5 Nxe5 10. Bf4 Nfd7 11. Bg2 Be7 12. h4 f6 13. a5 a6 14. Ne4 0-0 15. 0-0 Rad8 16. Qc1 Be6 17. Rd1 Qb8 18. Nxe5 Nxe5 19. Qc3 Rd5 20. b4 Rfd8 21. Rxd5 Bxd5 22. Rd1 Bxe4 23. Rxd8+ Qxd8 24. Bxe4 Qd1+ 25. Kg2 Qxe2 26. Qd4 Qb5 27. Bxe5 Qxe5 28. Qc4+ Kh8 29. Bf3 Qd6 30. Bg4 Qd8 31. Qe6 Bxb4 32. Qc8 Bxa5 33. Qxb7 g6 34. Qxa6 h5 35. Bf3 c5 36. Qc4 Qe7 37. Qd5 Kg7 38. Be4 f5 39. Bd3 Bc3 40. Bc4 Bd4 41. Qg8+ Kh6 42. Bd5 c4 43. Bxc4 Qe4+ 44. Kg1 Qb1+ 45. Kg2 Qc2 46. Qf8+ Bg7 47. Qf7 Qb2 48. Qd5 Bd4 49. Qf3 Be5 50. Qe2 Qd4 51. Qe3+ 1/2-1/2

[Event "Zagreb City-ch"]
[Site "Zagreb"]
[Date "2013.11.04"]
[Round "1"]
[White "Frank, Vladimir"]
[Black "Zecevic, Dean"]
[Result "1-0"]
[WhiteElo "2143"]
[BlackElo "2281"]
[PlyCount "85"]
[EventDate "2013.11.04"]
[EventType "swiss"]
[EventRounds "9"]
[EventCountry "CRO"]
[SourceTitle "EXT 2015"]
[Source "ChessBase"]
[SourceDate "2014.11.20"]
[SourceVersion "1"]
[SourceVersionDate "2014.11.20"]
[SourceQuality "1"]

1. Nf3 c5 2. c4 Nc6 3. Nc3 g6 4. e3 Nf6 5. d4 cxd4 6. exd4 d5 7. Bg5 Ne4 8. cxd5 Nxc3 9. bxc3 Qxd5 10. Be2 Bg7 11. 0-0 0-0 12. Qd2 e5 13. c4 Qd6 14. d5 Nb8 15. Rac1 b6 16. Be3 Na6 17. Ng5 f5 18. f4 Nc5 19. fxe5 Bxe5 20. Nf3 Ne4 21. Qc2 Bf4 22. Bd4 Bxc1 23. Qxc1 Re8 24. Bd3 Nc5 25. Bb1 Bd7 26. Ba1 Na4 27. Qh6 Qf8 28. Qh4 Qe7 29. Bf6 Qe3+ 30. Kh1 Rac8 31. Re1 Qa3 32. Be7 Qc3 33. Ng5 h5 34. Nf3 Rxc4 35. Qg3 Rg4 36. Qd6 Qb2 37. Rg1 Nc5 38. Ne5 Kh7 39. h3 Rxg2 40. Rxg2 Qxb1+ 41. Kh2 f4 42. Nxd7 f3 43. Nf6+ 1-0

[Event "Velika Gorica op 11th"]
[Site "Velika Gorica"]
[Date "2013.08.28"]
[Round "8"]
[White "Zecevic, Dean"]
[Black "Loncar, Robert"]
[Result "0-1"]
[WhiteElo "2283"]
[BlackElo "2380"]
[PlyCount "44"]
[EventDate "2013.08.19"]
[EventType "swiss"]
[EventRounds "9"]
[EventCountry "CRO"]
[SourceTitle "CBM 156 Extra"]
[Source "ChessBase"]
[SourceDate "2013.10.22"]
[SourceVersion "1"]
[SourceVersionDate "2013.10.22"]
[SourceQuality "1"]

1. Nf3 Nf6 2. c4 e6 3. d4 d5 4. Nc3 dxc4 5. e3 a6 6. Bxc4 b5 7. Bd3 Bb7 8. 0-0 c5 9. Qe2 Nbd7 10. Rd1 Bd6 11. a4 b4 12. Nb1 Qc7 13. h3 0-0 14. b3 cxd4 15. exd4 e5 16. dxe5 Nxe5 17. Nxe5 Bxe5 18. Bb2 Rae8 19. Bxe5 Rxe5 20. Qf1 Rg5 21. f3 Nd5 22. Kh1 Ne3 0-1

[Event "Velika Gorica op 11th"]
[Site "Velika Gorica"]
[Date "2013.08.27"]
[Round "7"]
[White "Zecevic, Dean"]
[Black "Frank, Vladimir"]
[Result "1-0"]
[WhiteElo "2283"]
[BlackElo "2131"]
[PlyCount "57"]
[EventDate "2013.08.19"]
[EventType "swiss"]
[EventRounds "9"]
[EventCountry "CRO"]
[SourceTitle "CBM 156 Extra"]
[Source "ChessBase"]
[SourceDate "2013.10.22"]
[SourceVersion "1"]
[SourceVersionDate "2013.10.22"]
[SourceQuality "1"]

1. e4 c6 2. d4 d5 3. Nc3 dxe4 4. Nxe4 Bf5 5. Ng3 Bg6 6. Nf3 Nd7 7. h4 h6 8. h5 Bh7 9. Bd3 Bxd3 10. Qxd3 Qc7 11. Bd2 Ngf6 12. 0-0-0 e6 13. Ne4 0-0-0 14. g3 Nc5 15. Nxc5 Bxc5 16. c4 Rhe8 17. Bc3 Bxd4 18. Nxd4 c5 19. Qe3 cxd4 20. Rxd4 Rxd4 21. Qxd4 b6 22. Rd1 Rd8 23. Qxd8+ Qxd8 24. Rxd8+ Kxd8 25. Bxf6+ gxf6 26. g4 Ke7 27. b4 e5 28. Kd2 f5 29. g5 1-0

[Event "Velika Gorica op 11th"]
[Site "Velika Gorica"]
[Date "2013.08.20"]
[Round "2"]
[White "Zecevic, Dean"]
[Black "Livaic, Damir"]
[Result "1-0"]
[WhiteElo "2283"]
[BlackElo "2043"]
[PlyCount "151"]
[EventDate "2013.08.19"]
[EventType "swiss"]
[EventRounds "9"]
[EventCountry "CRO"]
[SourceTitle "CBM 156 Extra"]
[Source "ChessBase"]
[SourceDate "2013.10.22"]
[SourceVersion "1"]
[SourceVersionDate "2013.10.22"]
[SourceQuality "1"]

1. d4 Nf6 2. c4 e6 3. Nc3 Bb4 4. Nf3 Bxc3+ 5. bxc3 Qe7 6. c5 b6 7. a4 bxc5 8. Ba3 Nd5 9. dxc5 Qf6 10. Rc1 Nxc3 11. Qc2 Nd5 12. g3 Nc6 13. Bg2 Rb8 14. 0-0 Qg6 15. Qd2 0-0 16. Nd4 Nxd4 17. Qxd4 Qf6 18. Qd3 Nb4 19. Qd2 a5 20. Bb2 Qe7 21. Be5 Na6 22. Qxa5 d6 23. cxd6 cxd6 24. Ba1 Nc5 25. e4 f6 26. Rb1 Bd7 27. Rxb8 Rxb8 28. Qa7 Rb7 29. Qa8+ Qf8 30. Qxf8+ Kxf8 31. e5 d5 32. exf6 gxf6 33. a5 Kf7 34. Bd4 Nb3 35. Bb6 Bb5 36. Rd1 Ke7 37. Bf1 Bxf1 38. Kxf1 Kd6 39. Ke2 e5 40. g4 Nc5 41. f4 Nd7 42. f5 Nxb6 43. Rb1 Kc6 44. axb6 Kd7 45. h4 Ke7 46. g5 Kf7 47. Kd3 fxg5 48. hxg5 Ke7 49. Rb5 h6 50. gxh6 Kf7 51. h7 Kg7 52. Kc3 Kxh7 53. Kb4 Kg7 54. Ka5 Kf6 55. Ka6 Rb8 56. Ka7 Rd8 57. b7 Kxf5 58. Rxd5 Rxd5 59. b8Q e4 60. Qb6 Rd3 61. Qf2+ Ke5 62. Kb6 e3 63. Qe2 Kd4 64. Kb5 Rd2 65. Qc4+ Ke5 66. Kc5 Kf5 67. Qh4 Ke5 68. Kc4 Kf5 69. Kc3 Ke5 70. Qg4 Rd5 71. Qf3 Kd6 72. Qxe3 Kc7 73. Kc4 Rd7 74. Kc5 Kb8 75. Qe4 Rc7+ 76. Kb6 1-0

[Event "Zagreb op-A"]
[Site "Zagreb"]
[Date "2013.03.02"]
[Round "6"]
[White "Zaja, Ivan"]
[Black "Zecevic, Dean"]
[Result "0-1"]
[WhiteElo "2483"]
[BlackElo "2274"]
[PlyCount "76"]
[EventDate "2013.02.25"]
[EventType "swiss"]
[EventRounds "9"]
[EventCountry "CRO"]
[SourceTitle "CBM 153 Extra"]
[Source "ChessBase"]
[SourceDate "2013.04.22"]
[SourceVersion "1"]
[SourceVersionDate "2013.04.22"]
[SourceQuality "1"]

1. d4 Nf6 2. c4 e6 3. Nf3 Bb4+ 4. Bd2 a5 5. a3 Be7 6. Nc3 d5 7. Bf4 Nh5 8. Be5 Nc6 9. e3 0-0 10. g4 Nf6 11. Bxf6 Bxf6 12. h4 g6 13. g5 Bg7 14. cxd5 exd5 15. Qb3 Ne7 16. 0-0-0 c6 17. Na4 Bg4 18. Be2 b5 19. Nc5 Nf5 20. Ng1 Bxe2 21. Nxe2 Nd6 22. Nf4 Re8 23. Rdg1 a4 24. Qc2 b4 25. h5 bxa3 26. hxg6 axb2+ 27. Kxb2 hxg6 28. Nxg6 Nc4+ 29. Ka2 Rb8 30. Rb1 Rxb1 31. Rxb1 Qxg5 32. Nf4 Bxd4 33. Nh3 Qh5 34. Rg1+ Bg7 35. Nf4 Qh2 36. Rg2 Qh1 37. Qb1 Qxb1+ 38. Kxb1 Rb8+ 0-1

[Event "Zagreb op-A"]
[Site "Zagreb"]
[Date "2013.03.02"]
[Round "7"]
[White "Zecevic, Dean"]
[Black "Mrdja, Milan"]
[Result "1-0"]
[WhiteElo "2274"]
[BlackElo "2394"]
[PlyCount "103"]
[EventDate "2013.02.25"]
[EventType "swiss"]
[EventRounds "9"]
[EventCountry "CRO"]
[SourceTitle "CBM 153 Extra"]
[Source "ChessBase"]
[SourceDate "2013.04.22"]
[SourceVersion "1"]
[SourceVersionDate "2013.04.22"]
[SourceQuality "1"]

1. e4 d6 2. d4 Nf6 3. Nc3 g6 4. f4 Bg7 5. Nf3 0-0 6. Bd3 Na6 7. 0-0 c5 8. d5 Rb8 9. a4 Nb4 10. Bc4 e6 11. dxe6 Bxe6 12. Bxe6 fxe6 13. Qe2 Nh5 14. g3 Nc6 15. Qc4 Qe7 16. Be3 b6 17. Rad1 Kh8 18. Rfe1 Rbd8 19. Kg2 Rfe8 20. g4 Nf6 21. h3 Qb7 22. Bf2 Nb4 23. Qe2 d5 24. e5 Ne4 25. Bh4 Rd7 26. Kh2 Nxc3 27. bxc3 Nc6 28. Bf6 Kg8 29. g5 Ne7 30. Rb1 Nf5 31. a5 Rb8 32. axb6 axb6 33. Rb5 Bf8 34. Reb1 Qa6 35. Qd3 Qa4 36. c4 Qxc4 37. Qxc4 dxc4 38. Rxb6 Rxb6 39. Rxb6 Kf7 40. h4 Nd4 41. Nd2 c3 42. Ne4 Nxc2 43. Nxc3 Rd2+ 44. Kg1 Rd4 45. Rb7+ Kg8 46. Rb6 Rc4 47. Rb8 Rxc3 48. Be7 Kf7 49. Bxf8 Nd4 50. Bd6 Ne2+ 51. Kf2 Nxf4 52. Rf8+ 1-0

[Event "Zagreb-ch"]
[Site "Zagreb"]
[Date "2012.11.22"]
[Round "11"]
[White "Zecevic, Dean"]
[Black "Kinez, Ivo"]
[Result "1-0"]
[WhiteElo "2273"]
[BlackElo "2123"]
[PlyCount "99"]
[EventDate "2012.11.05"]
[EventType "tourn"]
[EventRounds "11"]
[EventCountry "CRO"]
[SourceTitle "EXT 2014"]
[Source "ChessBase"]
[SourceDate "2013.11.20"]
[SourceVersion "1"]
[SourceVersionDate "2013.11.20"]
[SourceQuality "1"]

1. e4 c5 2. Nf3 d6 3. d4 cxd4 4. Nxd4 Nf6 5. Nc3 g6 6. Be3 Bg7 7. f3 0-0 8. Qd2 Nc6 9. 0-0-0 Bd7 10. Kb1 Rc8 11. h4 h5 12. Be2 Ne5 13. Rdg1 Nc4 14. Bxc4 Rxc4 15. g4 Re8 16. gxh5 Nxh5 17. Rg5 Kh7 18. f4 Bh6 19. Qe2 Rxc3 20. bxc3 Bxg5 21. hxg5 Kg7 22. Nf5+ Bxf5 23. exf5 Qc8 24. Bd4+ f6 25. fxg6 Nxf4 26. Qh2 Qh3 27. gxf6+ exf6 28. Qxh3 Nxh3 29. Rxh3 a6 30. Rh7+ Kxg6 31. Rxb7 f5 32. Rb6 Re6 33. Rxa6 f4 34. Kc1 f3 35. Kd2 Kf5 36. Kd3 Kg4 37. Ra8 Kg3 38. Rg8+ Kf4 39. Rf8+ Kg3 40. c4 Rg6 41. a4 Rg5 42. Ke3 Ra5 43. Rxf3+ Kg4 44. Rf6 Rxa4 45. Kd3 Ra6 46. c3 Ra1 47. Ke4 Re1+ 48. Kd5 Kg5 49. Kxd6 Rd1 50. c5 1-0

[Event "Zagreb-ch"]
[Site "Zagreb"]
[Date "2012.11.15"]
[Round "7"]
[White "Zecevic, Dean"]
[Black "Starcevic, Kresimir"]
[Result "1-0"]
[WhiteElo "2273"]
[BlackElo "2124"]
[PlyCount "81"]
[EventDate "2012.11.05"]
[EventType "tourn"]
[EventRounds "11"]
[EventCountry "CRO"]
[SourceTitle "EXT 2014"]
[Source "ChessBase"]
[SourceDate "2013.11.20"]
[SourceVersion "1"]
[SourceVersionDate "2013.11.20"]
[SourceQuality "1"]

1. e4 e6 2. d4 d5 3. e5 c5 4. Nf3 cxd4 5. Bd3 Nc6 6. 0-0 Nge7 7. Bf4 Bd7 8. a3 Ng6 9. Bg3 Be7 10. Re1 Rc8 11. b4 a6 12. Nbd2 0-0 13. Nb3 Qb6 14. h4 f6 15. exf6 Rxf6 16. Ng5 h6 17. Qh5 Nf8 18. Nf3 Be8 19. Qg4 Bg6 20. Bxg6 Rxg6 21. Qf4 Rd8 22. h5 Bd6 23. Qh4 Rxg3 24. fxg3 d3+ 25. Kh2 Ne7 26. Ne5 Nf5 27. Qf4 Nd7 28. Nxd7 Rxd7 29. Rxe6 Bxf4 30. Rxb6 Bxg3+ 31. Kh3 Bf2 32. Nc5 d2 33. Rd1 Re7 34. Rxd2 Re3+ 35. Kg4 Be1 36. Rxd5 Ne7 37. Rd8+ Kh7 38. Re6 Rg3+ 39. Kf4 g5+ 40. Ke4 Rg4+ 41. Kd3 1-0